Catalog

Record Details

Catalog Search



Available copies

  • 1 of 2 copies available at LARL/NWRL Consortium.
  • 1 of 2 copies available at Lake Agassiz Regional Library. (Show preferred library)

Current holds

0 current holds with 2 total copies.

Show Only Available Copies
Location Call Number / Copy Notes Barcode Shelving Location Status Due Date
Breckenridge Public Library SF GLA (Text) 33500013032743 Main Available -
Crookston Public Library SF GLA (Text) 33500013032735 Main Checked out 07/11/2026

Record details

  • ISBN: 9781984817204
  • ISBN: 1984817205
  • Physical Description: 546 pages : map ; 25 cm.
  • Edition: First edition.
  • Publisher: New York : Del Rey, [2019]

Content descriptions

Summary, etc.:
"In a feminist fantasy epic, a revolutionary spell ... Read More
A nobleman's first duty is to produce a male heir, ... Read More
Subject: Feminism > Fiction.
Patriarchy > Fiction.
Women heroes > Fiction.
Magic > Fiction.
FICTION / Fantasy / Epic.
FICTION / Fantasy / Action & Adventure.
FICTION / Women.
Feminism.
Magic.
Patriarchy.
Women heroes.
Genre: Fantasy fiction.
Fiction.
Fantasy fiction.
Science fiction.
Fantasy fiction.
LDR 04386cam a2200541Ii 4500
001303540
003LARL_NWRL_CONSORTIUM
00520190329200711.0
008190221t20192019nyub 000 1 eng
010 . ‡a 2018015835
040 . ‡aDLC ‡beng ‡erda ‡cJPL ‡dJPL ‡dTS4 ‡dTCH ‡dCO2 ‡dJTH ‡dOCJ ‡dCSP ‡dUAP ‡dVI# ‡dOCLCO ‡dOCP ‡dDV1 ‡dOCLCO ‡dOCLCF ‡dIUK ‡dCLE ‡dVP@ ‡dDYJ ‡dWSD ‡dILC
019 . ‡a1084690119
020 . ‡a9781984817204 ‡q(hardcover)
020 . ‡a1984817205 ‡q(hardcover)
020 . ‡z9780525481515 ‡q(ebook)
035 . ‡a(OCoLC)1032292244 ‡z(OCoLC)1084690119 ‡z(OCoLC)1086612088
08200. ‡a813/.6 ‡223
1001 . ‡aGlass, Jenna, ‡eauthor.
24514. ‡aThe women's war. ‡n#1 / ‡cJenna Glass.
250 . ‡aFirst edition.
264 1. ‡aNew York : ‡bDel Rey, ‡c[2019]
264 4. ‡c©2019
300 . ‡a546 pages : ‡bmap ; ‡c25 cm.
336 . ‡atext ‡btxt ‡2rdacontent
337 . ‡aunmediated ‡bn ‡2rdamedia
338 . ‡avolume ‡bnc ‡2rdacarrier
4900 . ‡aWomen's war ; ‡v1
520 . ‡a"In a feminist fantasy epic, a revolutionary spell gives women the ability to control their own fertility--with consequences that rock their patriarchal society to its core. When a nobleman's first duty is to produce a male heir, women are treated like possessions and bargaining chips. But as the aftereffects of a world-altering spell ripple out physically and culturally, women at last have a bargaining chip of their own. And two women in particular find themselves at the liberating crossroads of change. Alys is the widowed mother of two adolescent children, and the disinherited daughter of a king. Her existence has been carefully regulated, but now she discovers a fierce talent not only for politics but also for magic--once deemed solely the domain of men. Meanwhile, in a neighboring kingdom, young Ellin finds herself unexpectedly on the throne after the sudden death of her grandfather the king and everyone else who stood ahead of her in the line of succession. Conventional wisdom holds that she will marry quickly, then quietly surrender the throne to her new husband. Only, Ellin has other ideas. The tensions building in the two kingdoms grow abruptly worse when a caravan of exiled women and their escort of disgraced soldiers stumble upon a new source of magic in what was once uninhabitable desert. This new and revolutionary magic--which only women can wield--might well tear down what is left of the patriarchy. The men who currently hold power will do anything to retain it. But what force in the world can stand against the courage and resolution of generations of women who have tasted freedom for the very first time?"--Jacket flap.
520 . ‡aA nobleman's first duty is to produce a male heir, women are treated like possessions and bargaining chips-- until a world-altering spell ripple out physically and culturally. Alys is the widowed mother of two adolescent children, and the disinherited daughter of a king. She discovers a fierce talent not only for politics but also for magic. In a neighboring kingdom Ellin finds herself unexpectedly on the throne after the sudden death of her grandfather the king and all who stood ahead of her in the line of succession. Conventional wisdom holds that she marry quickly, then quietly surrender the throne to her new husband. When a caravan of exiled women and their escort of disgraced soldiers stumble upon a new source of magic in what was once uninhabitable desert, what force can stand against the courage and resolution of women who have tasted freedom for the very first time? -- adapted from jacket
650 0. ‡aFeminism ‡vFiction. ‡0(LARL_NWRL_CONSORTIUM)169387
650 0. ‡aPatriarchy ‡vFiction.
650 0. ‡aWomen heroes ‡vFiction.
650 0. ‡aMagic ‡vFiction. ‡0(LARL_NWRL_CONSORTIUM)165984
650 7. ‡aFICTION / Fantasy / Epic. ‡2bisacsh
650 7. ‡aFICTION / Fantasy / Action & Adventure. ‡2bisacsh
650 7. ‡aFICTION / Women. ‡2bisacsh
650 7. ‡aFeminism. ‡2fast ‡0(LARL_NWRL_CONSORTIUM)20088
650 7. ‡aMagic. ‡2fast ‡0(LARL_NWRL_CONSORTIUM)24943
650 7. ‡aPatriarchy. ‡2fast ‡0(LARL_NWRL_CONSORTIUM)27729
650 7. ‡aWomen heroes. ‡2fast ‡0(LARL_NWRL_CONSORTIUM)40797
655 7. ‡aFantasy fiction. ‡2fast
655 7. ‡aFiction. ‡2fast
655 7. ‡aFantasy fiction. ‡2gsafd
655 7. ‡aScience fiction. ‡2lcgft
655 7. ‡aFantasy fiction. ‡2lcgft
901 . ‡a303540 ‡bOCoLC ‡c303540 ‡tbiblio ‡soclc

Additional Resources